[Event "NB I. Charousek csoport"]
[Site "Zalaegerszeg"]
[Date "2024.03.10"]
[Round "8.4"]
[White "Nagy, Kristof"]
[Black "Bodrogi, Bendeguz"]
[Result "0-1"]
[WhiteElo "2217"]
[BlackElo "2316"]
[PlyCount "118"]
[EventDate "2023.10.08"]
[EventType "team-tourn"]
[EventRounds "11"]
[EventCountry "HUN"]
[Source "chess.hu"]
[WhiteTeam "Z.Csuti-Hydrocomp SK"]
[BlackTeam "ASE II. Paks"]
[WhiteTeamCountry "HUN"]
[BlackTeamCountry "HUN"]

1. d4 d5 2. Nf3 e6 3. Bf4 Bd6 4. Bg3 Nf6 5. e3 O-O 6. Nbd2 b6 7. c3 c5 8. Bd3
Bb7 9. Ne5 Nc6 10. f4 Ne7 11. Qf3 Nf5 12. Bf2 Be7 13. O-O Nd6 14. Qh3 Nfe4 15.
Rad1 Qc8 16. Ndf3 f6 17. Ng4 Ba6 18. Bxa6 Qxa6 19. Bh4 Nf5 20. Nd2 Nxd2 21.
Rxd2 Qxa2 22. Nf2 Qa4 23. g4 Nd6 24. Nd1 Qd7 25. f5 Ne4 26. Rg2 Rae8 27. Qf3
Bd8 28. fxe6 Qxe6 29. Qf5 Nd6 30. Qxe6+ Rxe6 31. Bg3 c4 32. Bxd6 Rxd6 33. Re2
Re8 34. Kf2 Rde6 35. Kf3 Kf7 36. Nf2 Ke7 37. e4 Kd6 38. Rfe1 b5 39. Nh3 Ba5 40.
Nf4 Rxe4 41. Rxe4 dxe4+ 42. Rxe4 Rxe4 43. Kxe4 g6 44. Ng2 Bd8 45. Ne3 Be7 46.
Ng2 Bf8 47. Nf4 Bh6 48. Ne2 Bd2 49. h3 a5 50. d5 f5+ 51. gxf5 gxf5+ 52. Kd4 f4
53. Ke4 Be3 54. h4 h5 55. Nxf4 Bxf4 56. Kxf4 Kxd5 57. Kg5 b4 58. Kxh5 bxc3 59.
bxc3 a4 0-1

[Event "NB I. Charousek csoport"]
[Site "Zalaegerszeg"]
[Date "2024.03.10"]
[Round "8.5"]
[White "Bernath, Bence"]
[Black "Pogany, Zsombor"]
[Result "1/2-1/2"]
[WhiteElo "2255"]
[BlackElo "2204"]
[PlyCount "51"]
[EventDate "2023.10.08"]
[EventType "team-tourn"]
[EventRounds "11"]
[EventCountry "HUN"]
[Source "chess.hu"]
[WhiteTeam "ASE II. Paks"]
[BlackTeam "Z.Csuti-Hydrocomp SK"]
[WhiteTeamCountry "HUN"]
[BlackTeamCountry "HUN"]

1. e4 c6 2. d4 d5 3. e5 Bf5 4. h4 h5 5. Bd3 Bxd3 6. Qxd3 e6 7. Bg5 Qb6 8. Nd2
c5 9. c4 Qxb2 10. Rd1 Nc6 11. Ngf3 Nb4 12. Qe2 cxd4 13. cxd5 d3 14. Qe4 exd5
15. Qf5 Ne7 16. Bxe7 Bxe7 17. Rb1 Qxa2 18. O-O g6 19. Qf4 d4 20. Qxd4 Rd8 21.
Qe4 a5 22. Nc4 O-O 23. Nfd2 b5 24. Ra1 Qc2 25. Rac1 Qa2 26. Ra1 1/2-1/2

[Event "NB I. Charousek csoport"]
[Site "Zalaegerszeg"]
[Date "2024.03.10"]
[Round "8.6"]
[White "Csiszar, Zoltan"]
[Black "Losonczi, Marcell"]
[Result "1/2-1/2"]
[WhiteElo "2253"]
[BlackElo "2198"]
[PlyCount "81"]
[EventDate "2023.10.08"]
[EventType "team-tourn"]
[EventRounds "11"]
[EventCountry "HUN"]
[Source "chess.hu"]
[WhiteTeam "Z.Csuti-Hydrocomp SK"]
[BlackTeam "ASE II. Paks"]
[WhiteTeamCountry "HUN"]
[BlackTeamCountry "HUN"]

1. d4 Nf6 2. c4 d6 3. Nc3 Nbd7 4. Nf3 e5 5. e3 g6 6. b3 Bg7 7. Bb2 O-O 8. Be2
Re8 9. h3 exd4 10. Nxd4 Ne5 11. O-O a6 12. Qd2 Rb8 13. Rfd1 Nfd7 14. f4 Nc6 15.
Nxc6 bxc6 16. Bf3 c5 17. Re1 Nf6 18. Rad1 Bb7 19. Bxb7 Rxb7 20. Kh2 Rb8 21. e4
Nh5 22. g3 Nf6 23. Qf2 Nd7 24. Nd5 Nf6 25. Nxf6+ Bxf6 26. e5 Bg7 27. Ba3 Qc8
28. exd6 Bd4 29. Qd2 cxd6 30. Bb2 Bxb2 31. Qxb2 Rxe1 32. Rxe1 Qd7 33. Qe2 Kf8
34. Qb2 Kg8 35. Qe2 Kf8 36. Kg2 Re8 37. Qxe8+ Qxe8 38. Rxe8+ Kxe8 39. Kf3 Ke7
40. a3 a5 41. Ke3 1/2-1/2

[Event "NB I. Charousek csoport"]
[Site "Zalaegerszeg"]
[Date "2024.03.10"]
[Round "8.8"]
[White "Horvath, Sandor"]
[Black "Benedeczky, Lehel Dr"]
[Result "0-1"]
[WhiteElo "2202"]
[BlackElo "2127"]
[PlyCount "103"]
[EventDate "2023.10.08"]
[EventType "team-tourn"]
[EventRounds "11"]
[EventCountry "HUN"]
[Source "chess.hu"]
[WhiteTeam "Z.Csuti-Hydrocomp SK"]
[BlackTeam "ASE II. Paks"]
[WhiteTeamCountry "HUN"]
[BlackTeamCountry "HUN"]

1. e4 c6 2. d4 d5 3. Nc3 dxe4 4. Nxe4 Bf5 5. Ng3 Bg6 6. f4 e6 7. Nf3 Bd6 8. h4
h6 9. h5 Bh7 10. Bd3 Bxd3 11. Qxd3 Nf6 12. Bd2 Qc7 13. Ne5 c5 14. O-O-O cxd4
15. Qxd4 Nc6 16. Nxc6 Qxc6 17. Bc3 O-O-O 18. Kb1 Bc5 19. Qc4 Bf2 20. Qxc6+ bxc6
21. Bxf6 gxf6 22. Ne4 Bd4 23. c3 f5 24. cxd4 fxe4 25. g4 Rhg8 26. Rhg1 e3 27.
g5 e2 28. Rd2 hxg5 29. Rxe2 gxf4 30. Rxg8 Rxg8 31. Rf2 Rg1+ 32. Kc2 Rh1 33.
Rxf4 f5 34. Kc3 Kd7 35. b4 Rxh5 36. a4 Kd6 37. Kc4 Rh1 38. Rf2 Rc1+ 39. Kd3 Ra1
40. a5 Kd5 41. Rc2 Ra3+ 42. Kd2 Rb3 43. Rc5+ Kxd4 44. Rxc6 e5 45. Rd6+ Ke4 46.
Ra6 Rxb4 47. Rxa7 f4 48. Kc3 Rb5 49. Kc4 Rb1 50. a6 Ra1 51. Kb5 f3 52. Rf7 0-1

[Event "NB I. Charousek csoport"]
[Site "Zalaegerszeg"]
[Date "2024.03.10"]
[Round "8.9"]
[White "Toth, Gergely"]
[Black "Farkas, Zsolt"]
[Result "1-0"]
[WhiteElo "2123"]
[BlackElo "2130"]
[PlyCount "101"]
[EventDate "2023.10.08"]
[EventType "team-tourn"]
[EventRounds "11"]
[EventCountry "HUN"]
[Source "chess.hu"]
[WhiteTeam "ASE II. Paks"]
[BlackTeam "Z.Csuti-Hydrocomp SK"]
[WhiteTeamCountry "HUN"]
[BlackTeamCountry "HUN"]

1. e4 c5 2. Nf3 Nc6 3. d4 cxd4 4. Nxd4 Nf6 5. Nc3 e5 6. Ndb5 d6 7. Bg5 a6 8.
Na3 b5 9. Nd5 Be7 10. Bxf6 Bxf6 11. c4 b4 12. Nc2 a5 13. g3 O-O 14. h4 Rb8 15.
b3 Be6 16. Bh3 Qd7 17. Bxe6 fxe6 18. Nde3 Rbd8 19. O-O Qa7 20. Qg4 Rde8 21.
Rad1 Qc5 22. Ne1 Nd4 23. Nd3 Qc6 24. h5 Bg5 25. c5 Nf3+ 26. Kg2 d5 27. Nxe5
Nxe5 28. Qxg5 Nf3 29. exd5 Qxc5 30. Qg4 exd5 31. Rxd5 Qc3 32. h6 Rf7 33. hxg7
Ne1+ 34. Kh2 Nf3+ 35. Kg2 Ne1+ 36. Kh3 Rf6 37. Qc4 Qxc4 38. Nxc4 Re4 39. f4 a4
40. Rd7 Nc2 41. Rf3 Rh6+ 42. Kg4 Nd4 43. Re3 Rg6+ 44. Kh3 Rxe3 45. Nxe3 axb3
46. axb3 Nxb3 47. Nf5 Nc5 48. Rd8+ Kf7 49. Rf8+ Ke6 50. g8=Q+ Rxg8 51. Rxg8 1-0

[Event "NB I. Charousek csoport"]
[Site "Zalaegerszeg"]
[Date "2024.03.10"]
[Round "8.10"]
[White "Ter, Marcell"]
[Black "Szegedy, Matyas"]
[Result "1/2-1/2"]
[WhiteElo "2080"]
[BlackElo "2177"]
[PlyCount "55"]
[EventDate "2023.10.08"]
[EventType "team-tourn"]
[EventRounds "11"]
[EventCountry "HUN"]
[Source "chess.hu"]
[WhiteTeam "Z.Csuti-Hydrocomp SK"]
[BlackTeam "ASE II. Paks"]
[WhiteTeamCountry "HUN"]
[BlackTeamCountry "HUN"]

1. e4 c6 2. d4 d5 3. exd5 cxd5 4. Bd3 Nc6 5. c3 Qc7 6. h3 g6 7. Ne2 Bg7 8. Bf4
Qb6 9. Qb3 Qa5 10. O-O Nf6 11. Nd2 O-O 12. Nf3 Qd8 13. Ng3 b6 14. Rfe1 Bb7 15.
Ne5 Nxe5 16. Bxe5 Bh6 17. Bxf6 exf6 18. Re2 Re8 19. Rae1 Rxe2 20. Rxe2 Qd7 21.
Bb5 Bc6 22. Bxc6 Qxc6 23. Nf1 b5 24. Ne3 Re8 25. Kf1 Bxe3 26. Rxe3 Rxe3 27.
fxe3 h6 28. Kf2 1/2-1/2

[Event "NB I. Charousek csoport"]
[Site "Zalaegerszeg"]
[Date "2024.03.10"]
[Round "8.11"]
[White "Toth, Nikoletta"]
[Black "Majoros, Rozsa Evelin"]
[Result "1/2-1/2"]
[WhiteElo "1962"]
[BlackElo "1995"]
[PlyCount "50"]
[EventDate "2023.10.08"]
[EventType "team-tourn"]
[EventRounds "11"]
[EventCountry "HUN"]
[Source "chess.hu"]
[WhiteTeam "ASE II. Paks"]
[BlackTeam "Z.Csuti-Hydrocomp SK"]
[WhiteTeamCountry "HUN"]
[BlackTeamCountry "HUN"]

1. d4 Nf6 2. Bf4 g6 3. e3 Bg7 4. Nf3 d6 5. h3 O-O 6. Be2 Nbd7 7. Bh2 Qe8 8. c4
e5 9. Nc3 Qe7 10. O-O c6 11. dxe5 dxe5 12. Qc2 Ne8 13. Rab1 f5 14. b4 g5 15. g4
Nb6 16. c5 Nd5 17. Bc4 fxg4 18. Nxd5 cxd5 19. Bxd5+ Kh8 20. hxg4 Bxg4 21. Kg2
Qd7 22. Rfd1 Qxd5 23. Rxd5 Bxf3+ 24. Kg1 Bxd5 25. e4 Be6 1/2-1/2

[Event "NB I. Charousek csoport"]
[Site "Zalaegerszeg"]
[Date "2024.03.10"]
[Round "8.12"]
[White "Borocz, Lorinc"]
[Black "Nagy, Lajos"]
[Result "1/2-1/2"]
[WhiteElo "1954"]
[BlackElo "1854"]
[PlyCount "49"]
[EventDate "2023.10.08"]
[EventType "team-tourn"]
[EventRounds "11"]
[EventCountry "HUN"]
[Source "chess.hu"]
[WhiteTeam "Z.Csuti-Hydrocomp SK"]
[BlackTeam "ASE II. Paks"]
[WhiteTeamCountry "HUN"]
[BlackTeamCountry "HUN"]

1. e4 e5 2. Nf3 Nc6 3. d4 exd4 4. Nxd4 Nf6 5. Nc3 Bb4 6. Nxc6 bxc6 7. Bd3 d5 8.
exd5 O-O 9. O-O cxd5 10. Bf4 c6 11. Ne2 Bd6 12. Qd2 c5 13. Ng3 Rb8 14. b3 Rb4
15. Bxd6 Qxd6 16. Rad1 Rh4 17. Rfe1 Be6 18. Qg5 Qf4 19. Qxf4 Rxf4 20. Ne2 Rb4
21. c3 Rb6 22. Bc2 a5 23. Rb1 Rd8 24. Red1 Rbd6 25. Rd2 1/2-1/2

[Event "NB I. Charousek csoport"]
[Site "Biatorbagy"]
[Date "2024.03.10"]
[Round "8.1"]
[White "Margl, Roland"]
[Black "Fodor, Istvan"]
[Result "1/2-1/2"]
[WhiteElo "2285"]
[BlackElo "2334"]
[PlyCount "41"]
[EventDate "2023.10.08"]
[EventType "team-tourn"]
[EventRounds "11"]
[EventCountry "HUN"]
[Source "chess.hu"]
[WhiteTeam "Szechenyi ESE Gyor"]
[BlackTeam "Biatorbagy II"]
[WhiteTeamCountry "HUN"]
[BlackTeamCountry "HUN"]

1. d4 Nf6 2. c4 e6 3. Nf3 d5 4. g3 dxc4 5. Qa4+ Nbd7 6. Bg2 a6 7. Nc3 Rb8 8.
Qxc4 b5 9. Qd3 Bb7 10. Bf4 Bd6 11. O-O Bxf4 12. gxf4 O-O 13. Ne5 Bxg2 14. Kxg2
Rb6 15. Rfd1 Rd6 16. Qf3 Nb6 17. e3 b4 18. Ne2 c5 19. Rdc1 cxd4 20. Nxd4 Nfd5
21. Nc4 1/2-1/2

[Event "NB I. Charousek csoport"]
[Site "Biatorbagy"]
[Date "2024.03.10"]
[Round "8.3"]
[White "Csidey, Csongor"]
[Black "Szabo, Balazs"]
[Result "1/2-1/2"]
[WhiteElo "2066"]
[BlackElo "2247"]
[PlyCount "20"]
[EventDate "2023.10.08"]
[EventType "team-tourn"]
[EventRounds "11"]
[EventCountry "HUN"]
[Source "chess.hu"]
[WhiteTeam "Szechenyi ESE Gyor"]
[BlackTeam "Biatorbagy II"]
[WhiteTeamCountry "HUN"]
[BlackTeamCountry "HUN"]

1. e4 d6 2. d4 Nf6 3. Nc3 e5 4. Nf3 Nbd7 5. Bc4 Be7 6. O-O O-O 7. Qe2 c6 8. a4
h6 9. Rd1 exd4 10. Rxd4 Re8 1/2-1/2

[Event "NB I. Charousek csoport"]
[Site "Biatorbagy"]
[Date "2024.03.10"]
[Round "8.4"]
[White "Felmery, Mate"]
[Black "Csuta, Akos Koppany"]
[Result "0-1"]
[WhiteElo "2164"]
[BlackElo "2107"]
[PlyCount "124"]
[EventDate "2023.10.08"]
[EventType "team-tourn"]
[EventRounds "11"]
[EventCountry "HUN"]
[Source "chess.hu"]
[WhiteTeam "Biatorbagy II"]
[BlackTeam "Szechenyi ESE Gyor"]
[WhiteTeamCountry "HUN"]
[BlackTeamCountry "HUN"]

1. e4 c5 2. Nf3 e6 3. Qe2 Nc6 4. g3 Nge7 5. Bg2 d5 6. d3 g6 7. c3 Bg7 8. O-O
O-O 9. e5 b5 10. Bf4 a5 11. Nbd2 Ba6 12. Nb3 c4 13. Nc5 cxd3 14. Qxd3 Qb6 15.
Nd7 Qb7 16. Nf6+ Kh8 17. Qd2 Ng8 18. Ng4 b4 19. Rfc1 Rab8 20. Rab1 Rfc8 21. Nh6
Nxh6 22. Bxh6 Na7 23. Bxg7+ Kxg7 24. cxb4 Qxb4 25. Qg5 Rxc1+ 26. Rxc1 Qxb2 27.
h4 Qb7 28. h5 Rc8 29. h6+ Kg8 30. Rxc8+ Qxc8 31. Nd4 Qf8 32. Bh3 Bc8 33. Bf1
Bd7 34. g4 Nc6 35. Nb5 Qe7 36. Qf4 g5 37. Qe3 f6 38. exf6 Qxf6 39. Qg3 Ne5 40.
Nd4 Kf7 41. Bd3 Qf4 42. Qxf4+ gxf4 43. Bxh7 Nxg4 44. Nb3 e5 45. Nc5 Bc8 46. Bc2
Nxh6 47. Bb3 Be6 48. Nb7 Nf5 49. Nxa5 d4 50. Bc2 Nd6 51. Nc6 Kf6 52. a4 Bc4 53.
Nb4 e4 54. Nc6 d3 55. Bd1 e3 56. fxe3 fxe3 57. Na5 Ke5 58. Nxc4+ Nxc4 59. Kf1
Kd4 60. Ke1 Nb2 61. a5 d2+ 62. Ke2 Nxd1 0-1

[Event "NB I. Charousek csoport"]
[Site "Biatorbagy"]
[Date "2024.03.10"]
[Round "8.5"]
[White "Papp, Gabor Dr"]
[Black "Jamrich, Gyorgy"]
[Result "0-1"]
[WhiteElo "2006"]
[BlackElo "2158"]
[PlyCount "118"]
[EventDate "2023.10.08"]
[EventType "team-tourn"]
[EventRounds "11"]
[EventCountry "HUN"]
[Source "chess.hu"]
[WhiteTeam "Szechenyi ESE Gyor"]
[BlackTeam "Biatorbagy II"]
[WhiteTeamCountry "HUN"]
[BlackTeamCountry "HUN"]

1. d4 d5 2. Nf3 e6 3. c4 Bb4+ 4. Bd2 a5 5. e3 Nf6 6. a3 Be7 7. Nc3 b6 8. cxd5
exd5 9. Be2 O-O 10. O-O Nbd7 11. Qc2 Bb7 12. h3 c5 13. Rfe1 Rc8 14. Bd3 g6 15.
Bf1 Ne4 16. Rad1 Bf6 17. Qb3 c4 18. Qc2 Qc7 19. Rc1 Nd6 20. a4 Rfe8 21. g3 Bc6
22. Bg2 Qb7 23. h4 Nb8 24. h5 Na6 25. Ne2 Ne4 26. hxg6 hxg6 27. Bc3 Qd7 28. Ra1
Nb4 29. Bxb4 axb4 30. b3 c3 31. Nf4 Ra8 32. Nd3 Qe7 33. Nfe5 Bb7 34. Kh2 Kg7
35. Ng4 Rh8+ 36. Kg1 Ra5 37. Nxf6 Nxf6 38. f3 Rha8 39. Kf2 Ba6 40. Ne5 Qd6 41.
Ra2 Bc8 42. g4 Nd7 43. Nd3 Ba6 44. Nf4 Bb7 45. Nd3 Qe7 46. Rh1 b5 47. Rha1 Re8
48. Re1 Ba6 49. axb5 Rxa2 50. Qxa2 Bxb5 51. Qc2 Qh4+ 52. Kf1 Ra8 53. Rd1 Nf6
54. Kg1 Bxd3 55. Qxd3 Ra2 56. Qf1 Qg3 57. Ra1 Rd2 58. Rd1 Nh7 59. f4 Qxe3+ 0-1

[Event "NB I. Charousek csoport"]
[Site "Biatorbagy"]
[Date "2024.03.10"]
[Round "8.6"]
[White "Ravasz, Laszlo Jr"]
[Black "Pram, Imre"]
[Result "1/2-1/2"]
[WhiteElo "2230"]
[BlackElo "2038"]
[PlyCount "24"]
[EventDate "2023.10.08"]
[EventType "team-tourn"]
[EventRounds "11"]
[EventCountry "HUN"]
[Source "chess.hu"]
[WhiteTeam "Biatorbagy II"]
[BlackTeam "Szechenyi ESE Gyor"]
[WhiteTeamCountry "HUN"]
[BlackTeamCountry "HUN"]

1. d4 Nf6 2. c4 e6 3. Nf3 d5 4. Nc3 Be7 5. Qc2 O-O 6. Bf4 Na6 7. a3 c5 8. dxc5
Nxc5 9. b4 Nce4 10. e3 Nxc3 11. Qxc3 dxc4 12. Qxc4 Qd5 1/2-1/2

[Event "NB I. Charousek csoport"]
[Site "Biatorbagy"]
[Date "2024.03.10"]
[Round "8.7"]
[White "Szabo, Laszlo"]
[Black "Farkas, Otto Jr"]
[Result "0-1"]
[WhiteElo "1990"]
[BlackElo "1945"]
[PlyCount "104"]
[EventDate "2023.10.08"]
[EventType "team-tourn"]
[EventRounds "11"]
[EventCountry "HUN"]
[Source "chess.hu"]
[WhiteTeam "Szechenyi ESE Gyor"]
[BlackTeam "Biatorbagy II"]
[WhiteTeamCountry "HUN"]
[BlackTeamCountry "HUN"]

1. e4 Nf6 2. e5 Nd5 3. d4 d6 4. Nf3 g6 5. Bc4 Nb6 6. Bb3 Bg7 7. Ng5 e6 8. exd6
cxd6 9. c3 O-O 10. O-O d5 11. Bf4 Nc6 12. Nf3 Na5 13. Nbd2 Bd7 14. Re1 Nbc4 15.
Nxc4 dxc4 16. Ba4 b5 17. Bc2 Nc6 18. Ne5 Nxe5 19. Bxe5 Bc6 20. Bxg7 Kxg7 21.
Be4 Qd7 22. Bxc6 Qxc6 23. Re3 a5 24. a3 Rfb8 25. Qd2 h5 26. Re5 Rd8 27. Qe2 Rd5
28. h4 a4 29. Re1 Rad8 30. Qe3 Rxe5 31. Qxe5+ Kg8 32. Qf6 Rd5 33. Re5 Qd6 34.
Rxd5 Qxd5 35. Qf4 Kg7 36. f3 Qf5 37. Qxf5 gxf5 38. f4 Kf6 39. Kf2 Ke7 40. d5
exd5 41. Ke3 Ke6 42. Kd4 Kd6 43. g3 f6 44. Ke3 Kc5 45. Ke2 d4 46. cxd4+ Kxd4
47. Kd2 Kc5 48. Kc3 b4+ 49. Kc2 bxa3 50. bxa3 Kd4 51. Kd2 c3+ 52. Kc2 Kc4 0-1

[Event "NB I. Charousek csoport"]
[Site "Biatorbagy"]
[Date "2024.03.10"]
[Round "8.8"]
[White "Makay, Mark Janos"]
[Black "Kocsis, Tihamer"]
[Result "1-0"]
[WhiteElo "2042"]
[BlackElo "1948"]
[PlyCount "57"]
[EventDate "2023.10.08"]
[EventType "team-tourn"]
[EventRounds "11"]
[EventCountry "HUN"]
[Source "chess.hu"]
[WhiteTeam "Biatorbagy II"]
[BlackTeam "Szechenyi ESE Gyor"]
[WhiteTeamCountry "HUN"]
[BlackTeamCountry "HUN"]

1. e4 e6 2. d4 d5 3. Nc3 Nf6 4. Bg5 h6 5. Bxf6 Qxf6 6. exd5 Bb4 7. Bb5+ c6 8.
dxc6 Nxc6 9. Nf3 O-O 10. O-O Rd8 11. Ne4 Qf5 12. Bd3 e5 13. Ng3 Qf4 14. d5 Ne7
15. h3 g6 16. c4 h5 17. a3 Ba5 18. Qc1 Bxh3 19. Qxf4 exf4 20. gxh3 fxg3 21.
fxg3 Rac8 22. Kg2 Bb6 23. Rae1 Kf8 24. Ng5 Nf5 25. Bxf5 gxf5 26. Rxf5 Rxc4 27.
Ne6+ Ke7 28. Nxd8+ Kxd8 29. Re2 1-0

[Event "NB I. Charousek csoport"]
[Site "Biatorbagy"]
[Date "2024.03.10"]
[Round "8.9"]
[White "Horvath, Laszlo"]
[Black "Csoli, Odon"]
[Result "0-1"]
[WhiteElo "1903"]
[BlackElo "2066"]
[PlyCount "78"]
[EventDate "2023.10.08"]
[EventType "team-tourn"]
[EventRounds "11"]
[EventCountry "HUN"]
[Source "chess.hu"]
[WhiteTeam "Szechenyi ESE Gyor"]
[BlackTeam "Biatorbagy II"]
[WhiteTeamCountry "HUN"]
[BlackTeamCountry "HUN"]

1. e4 c6 2. d4 d5 3. exd5 cxd5 4. Bd3 Nf6 5. Bg5 e6 6. Nf3 Be7 7. O-O O-O 8.
Nbd2 b6 9. Ne5 Bb7 10. Ndf3 Nc6 11. c3 Ne4 12. Bxe7 Nxe7 13. Re1 f6 14. Ng4 Ng6
15. g3 Qd6 16. Kg2 Rad8 17. h4 h5 18. Ne3 e5 19. Nd2 f5 20. Qxh5 Nxd2 21. Nxf5
Rxf5 22. Bxf5 Nf8 23. Rxe5 Ne4 24. Re1 Qf6 25. f4 g6 26. Qg4 Kh8 27. Bxe4 dxe4
28. h5 e3+ 29. Kh3 Bc8 30. f5 Bxf5 31. Rxf5 gxf5 32. Qf4 Re8 33. Rxe3 Rxe3 34.
Qxe3 Ne6 35. Kg2 Kg7 36. Kf3 Ng5+ 37. Kf4 Ne4 38. g4 Qg5+ 39. Kf3 Qxg4# 0-1

[Event "NB I. Charousek csoport"]
[Site "Biatorbagy"]
[Date "2024.03.10"]
[Round "8.10"]
[White "Nagy, Aron"]
[Black "Gulacsi, Donat Ferenc"]
[Result "0-1"]
[WhiteElo "2074"]
[BlackElo "1912"]
[PlyCount "68"]
[EventDate "2023.10.08"]
[EventType "team-tourn"]
[EventRounds "11"]
[EventCountry "HUN"]
[Source "chess.hu"]
[WhiteTeam "Biatorbagy II"]
[BlackTeam "Szechenyi ESE Gyor"]
[WhiteTeamCountry "HUN"]
[BlackTeamCountry "HUN"]

1. d4 d5 2. e4 c6 3. Nc3 dxe4 4. Bc4 Nf6 5. f3 e3 6. Bxe3 Nbd7 7. f4 Nb6 8. Bd3
Bg4 9. Nf3 e6 10. h3 Bxf3 11. Qxf3 Nbd5 12. Bd2 Nb4 13. Ne2 Qd5 14. O-O Qxf3
15. Rxf3 Nxd3 16. Rxd3 c5 17. Be3 Nd5 18. Bf2 Rc8 19. dxc5 Bxc5 20. c3 O-O 21.
Rad1 g6 22. g3 Bxf2+ 23. Kxf2 Nf6 24. Kf3 Rfe8 25. Rd6 Kg7 26. g4 e5 27. g5 Nh5
28. Rd7 exf4 29. Nxf4 Nxf4 30. Kxf4 Rc5 31. R1d4 Rf5+ 32. Kg4 Re2 33. Rxb7 Rg2+
34. Kh4 Rfxg5 0-1

[Event "NB I. Charousek csoport"]
[Site "Biatorbagy"]
[Date "2024.03.10"]
[Round "8.11"]
[White "Szabo - Thomka, Daniel"]
[Black "Felmery, Tamas"]
[Result "0-1"]
[WhiteElo "1917"]
[BlackElo "1824"]
[PlyCount "94"]
[EventDate "2023.10.08"]
[EventType "team-tourn"]
[EventRounds "11"]
[EventCountry "HUN"]
[Source "chess.hu"]
[WhiteTeam "Szechenyi ESE Gyor"]
[BlackTeam "Biatorbagy II"]
[WhiteTeamCountry "HUN"]
[BlackTeamCountry "HUN"]

1. e4 c5 2. Nf3 d6 3. d4 cxd4 4. Nxd4 Nc6 5. Nc3 a6 6. Be3 e6 7. Qd2 Nf6 8. f3
Qc7 9. O-O-O d5 10. exd5 Nxd5 11. Nxd5 exd5 12. Bf4 Bd6 13. Re1+ Ne7 14. Bxd6
Qxd6 15. Qg5 Kf8 16. Bd3 h6 17. Qe3 Bd7 18. g4 Re8 19. Bf5 Nxf5 20. Nxf5 Rxe3
21. Nxd6 Rxf3 22. Nxb7 Bxg4 23. Nc5 Rf6 24. h3 Be6 25. Nxa6 Bxh3 26. Nc7 Be6
27. Re5 g6 28. Rhe1 Kg7 29. Nxe6+ fxe6 30. Rxe6 h5 31. Re7+ Rf7 32. R7e5 Rd7
33. Kd2 h4 34. Ke3 Rb8 35. b3 Kf6 36. Kf4 Rc8 37. R1e2 Rc3 38. Re6+ Kf7 39.
R6e3 Rxe3 40. Rxe3 Kf6 41. Kg4 Rh7 42. a4 d4 43. Rh3 g5 44. a5 Kg6 45. b4 Re7
46. Rf3 Re4+ 47. Kh3 g4+ 0-1

[Event "NB I. Charousek csoport"]
[Site "Biatorbagy"]
[Date "2024.03.10"]
[Round "8.12"]
[White "Adam, Vivien"]
[Black "Fulop, Julia Paula"]
[Result "1/2-1/2"]
[WhiteElo "1613"]
[BlackElo "1622"]
[PlyCount "78"]
[EventDate "2023.10.08"]
[EventType "team-tourn"]
[EventRounds "11"]
[EventCountry "HUN"]
[Source "chess.hu"]
[WhiteTeam "Biatorbagy II"]
[BlackTeam "Szechenyi ESE Gyor"]
[WhiteTeamCountry "HUN"]
[BlackTeamCountry "HUN"]

1. d4 d5 2. Nf3 g6 3. Bf4 Bg7 4. e3 Bg4 5. h3 Bxf3 6. Qxf3 e6 7. c4 Nf6 8. Nc3
O-O 9. Bd3 c6 10. O-O Nbd7 11. Rfe1 Qb6 12. b3 c5 13. Ne2 Rac8 14. Rac1 Qa5 15.
Nc3 dxc4 16. Bxc4 Nb6 17. Bd6 Rfd8 18. Bxc5 Nxc4 19. bxc4 Rd7 20. a3 b6 21. Bb4
Qa6 22. c5 bxc5 23. dxc5 Nd5 24. Nxd5 Rxd5 25. Rc2 Qb5 26. Rec1 a5 27. Bd2
Rdxc5 28. a4 Qb6 29. Rxc5 Rxc5 30. Rxc5 Qxc5 31. Qa8+ Bf8 32. Bxa5 Qc2 33. Bd8
Kg7 34. Bg5 Bd6 35. Bf4 Qc1+ 36. Kh2 Bxf4+ 37. exf4 Qxf4+ 38. Kg1 Qc1+ 39. Kh2
Qf4+ 1/2-1/2

[Event "NB I. Charousek csoport"]
[Site "Budapest"]
[Date "2024.03.10"]
[Round "8.1"]
[White "Csiszar, Csaba"]
[Black "Juhasz, Agoston"]
[Result "0-1"]
[WhiteElo "2373"]
[BlackElo "2406"]
[PlyCount "74"]
[EventDate "2023.10.08"]
[EventType "team-tourn"]
[EventRounds "11"]
[EventCountry "HUN"]
[Source "chess.hu"]
[WhiteTeam "Komloi BSK"]
[BlackTeam "MTK Budapest"]
[WhiteTeamCountry "HUN"]
[BlackTeamCountry "HUN"]

1. d4 Nf6 2. Nf3 g6 3. c4 Bg7 4. Nc3 d5 5. Bf4 O-O 6. Rc1 Be6 7. Ng5 c5 8. dxc5
Nc6 9. e3 Bg4 10. f3 e5 11. Bg3 d4 12. exd4 exd4 13. Nce4 Re8 14. Be2 Nxe4 15.
Nxe4 d3 16. Qxd3 Qxd3 17. Bxd3 f5 18. fxg4 fxe4 19. Be2 Bxb2 20. Rb1 Bc3+ 21.
Kd1 Rad8+ 22. Kc2 Ba5 23. Bd6 Nd4+ 24. Kd1 Rd7 25. g5 e3 26. Rf1 b6 27. Rf6
bxc5 28. Rb8 Rxb8 29. Bxb8 Nc6+ 30. Kc1 Nxb8 31. Bg4 Re7 32. Kd1 Nd7 33. Rd6
Ne5 34. Be6+ Kg7 35. Ke2 Bc7 36. Ra6 Bb6 37. Bd5 Nd3 0-1

[Event "NB I. Charousek csoport"]
[Site "Budapest"]
[Date "2024.03.10"]
[Round "8.2"]
[White "Juhasz, Armin"]
[Black "Karsa, Laszlo"]
[Result "1/2-1/2"]
[WhiteElo "2391"]
[BlackElo "2323"]
[PlyCount "39"]
[EventDate "2023.10.08"]
[EventType "team-tourn"]
[EventRounds "11"]
[EventCountry "HUN"]
[Source "chess.hu"]
[WhiteTeam "MTK Budapest"]
[BlackTeam "Komloi BSK"]
[WhiteTeamCountry "HUN"]
[BlackTeamCountry "HUN"]

1. d4 Nf6 2. c4 g6 3. Nc3 Bg7 4. e4 d6 5. Be2 c5 6. Nf3 O-O 7. O-O Na6 8. Be3
Ng4 9. Bg5 h6 10. Bc1 e5 11. dxc5 Nxc5 12. b4 Ne6 13. Nb5 a5 14. Ba3 Nf4 15.
bxa5 Ra6 16. h3 Nf6 17. Qc2 Bxh3 18. gxh3 Qd7 19. Ne1 Qxh3 20. Bc1 1/2-1/2

[Event "NB I. Charousek csoport"]
[Site "Budapest"]
[Date "2024.03.10"]
[Round "8.3"]
[White "Ivan, Attila"]
[Black "Papp, Levente"]
[Result "1/2-1/2"]
[WhiteElo "2214"]
[BlackElo "2350"]
[PlyCount "91"]
[EventDate "2023.10.08"]
[EventType "team-tourn"]
[EventRounds "11"]
[EventCountry "HUN"]
[Source "chess.hu"]
[WhiteTeam "Komloi BSK"]
[BlackTeam "MTK Budapest"]
[WhiteTeamCountry "HUN"]
[BlackTeamCountry "HUN"]

1. e4 e6 2. d4 d5 3. Nc3 Bb4 4. e5 Ne7 5. a3 Bxc3+ 6. bxc3 b6 7. Nf3 Ba6 8.
Bxa6 Nxa6 9. Qd3 Nb8 10. a4 Nbc6 11. O-O Na5 12. Nd2 Rc8 13. Ba3 O-O 14. Bb4 c5
15. dxc5 bxc5 16. Ba3 Nf5 17. Qb5 Qc7 18. Rfe1 Rfd8 19. Rad1 h6 20. h3 Ne7 21.
Nb3 Nc4 22. Bxc5 Nc6 23. Bd4 N6xe5 24. Nd2 Ng6 25. Nxc4 Qxc4 26. Bxa7 Qxc3 27.
Bb6 Rd6 28. a5 e5 29. Re3 Qxc2 30. Rxd5 Rf6 31. Red3 Kh7 32. Rd2 Qe4 33. Qd3
Rc1+ 34. Kh2 Qf4+ 35. g3 Qa4 36. Rd1 Rc2 37. Rd2 Rc1 38. Rd1 Rcc6 39. Rd2 e4
40. Qe2 Rce6 41. Bd4 Rf3 42. Qb5 Qa3 43. Qc5 Qa4 44. Qb5 Qa3 45. Qc5 Qb3 46.
Qb5 1/2-1/2